Vibrations and Waves (Record no. 3597)

MARC details
000 -LEADER
fixed length control field 00480nam a22001937a 4500
003 - CONTROL NUMBER IDENTIFIER
control field OSt
005 - DATE AND TIME OF LATEST TRANSACTION
control field 20210331164950.0
008 - FIXED-LENGTH DATA ELEMENTS--GENERAL INFORMATION
fixed length control field 160418b xxu||||| |||| 00| 0 eng d
020 ## - INTERNATIONAL STANDARD BOOK NUMBER
International Standard Book Number 0748744479
040 ## - CATALOGING SOURCE
Transcribing agency 040a
082 ## - DEWEY DECIMAL CLASSIFICATION NUMBER
Classification number 531 FRE 1999
100 ## - MAIN ENTRY--PERSONAL NAME
Personal name French, A. P.
9 (RLIN) 8026
245 ## - TITLE STATEMENT
Title Vibrations and Waves
260 ## - PUBLICATION, DISTRIBUTION, ETC. (IMPRINT)
Place of publication, distribution, etc. Cheltenham;
Name of publisher, distributor, etc. Stanley Thornes,
Date of publication, distribution, etc. 1999
300 ## - PHYSICAL DESCRIPTION
Extent xi, 316p;
Other physical details ill :
Dimensions 12 cm
504 ## - BIBLIOGRAPHY, ETC. NOTE
Bibliography, etc Includes index
650 ## - SUBJECT ADDED ENTRY--TOPICAL TERM
Topical term or geographic name as entry element Waves
9 (RLIN) 8027
942 ## - ADDED ENTRY ELEMENTS (KOHA)
Source of classification or shelving scheme Dewey Decimal Classification
Koha item type Short Loan
Holdings
Withdrawn status Lost status Source of classification or shelving scheme Damaged status Not for loan Home library Current library Date acquired Source of acquisition Inventory number Total Checkouts Full call number Barcode Date last seen Koha item type Price effective from
    Dewey Decimal Classification     MUST Main Library MUST Main Library 18/04/2016 Purchase 02/17833   531 FRE 1999 2016-0969 18/04/2016 Short Loan  
    Dewey Decimal Classification     MUST Main Library MUST Main Library 15/10/2024 Donation 03/20534   531 FRE 1999 2024-22490 15/10/2024 Book Bank 15/10/2024